[Event "AUTO-ELITE-23"]
[Site "http://www.queenalice.com/game.php?id=46026"]
[Date "2006.1.1"]
[Round "1"]
[White "wdlauzon"]
[Black "Montalbano"]
[Result "0-1"]
[WhiteElo "1911"]
[BlackElo "2369"]

1. e4 c5 2. Nf3 d6 3. d4 cxd4 4. Nxd4 Nf6 5. Nc3 a6 6. Bg5 e6 7. f3 Be7 8. Bc4
b5 9. Bb3 O-O 10. O-O Bb7 11. Kh1 Nbd7 12. Bxe6 fxe6 13. Nxe6 Qb6 14. Nxf8 Rxf8
15. a3 Qc5 16. Qd2 Ne5 17. b3 Rc8 18. Ne2 Nxf3 19. Rxf3 Nxe4 0-1

[Event "AUTO-ELITE-23"]
[Site "http://www.queenalice.com/game.php?id=46027"]
[Date "2006.1.1"]
[Round "1"]
[White "Montalbano"]
[Black "wdlauzon"]
[Result "1-0"]
[WhiteElo "2370"]
[BlackElo "1909"]

1. e4 c5 2. Nf3 d6 3. d4 cxd4 4. Nxd4 a6 5. f3 Qc7 6. Nc3 e6 7. Be3 Nf6 8. Qd2
Be7 9. g4 h6 10. O-O-O Bd7 11. h4 Nc6 12. Kb1 Ne5 13. Qg2 Nc4 14. Bxc4 Qxc4 15.
g5 hxg5 16. hxg5 Rxh1 17. Qxh1 Ng8 18. Qh8 Kf8 19. Nb3 Rc8 20. Rh1 f6 21. e5
fxg5 22. Rh7 Qf1+ 23. Nc1 Qxf3 24. Qxg7+ Ke8 25. exd6 Qf6 26. Qxg8+ 1-0

[Event "AUTO-OPEN-201"]
[Site "http://www.queenalice.com/game.php?id=46380"]
[Date "2006.1.4"]
[Round "1"]
[White "wdlauzon"]
[Black "rockaudrey"]
[Result "1-0"]
[WhiteElo "1933"]
[BlackElo "1626"]

1. e4 d6 2. Bc4 g6 3. d4 Bg7 4. Nc3 Nc6 5. Be3 Nf6 6. a3 O-O 7. h3 Bd7 8. Qd2 a6
9. Nge2 Qc8 10. g4 e5 11. d5 Ne7 12. f3 b5 13. Bd3 c5 14. Ng3 c4 15. Be2 Ne8 16.
Bb6 Qb7 17. Ba5 Nf6 18. h4 Qc8 19. Qe3 Qb7 20. g5 Ne8 21. h5 Qa7 22. Qd2 Rb8 23.
hxg6 fxg6 24. Nf1 Rf4 25. O-O-O Rc8 26. Qe1 Qc5 27. Qg3 Nc7 28. Qh2 Kf7 29. Qg2
Rh8 30. Rh2 Ke8 31. Na2 Na8 32. Qh1 Rff8 33. Bd2 Nb6 34. Be3 Qc7 35. c3 h5 36.
gxh6 Bf6 37. Qg1 Na4 38. Nd2 Nc8 39. Qxg6+ Kd8 40. Bg5 Ne7 41. Bxf6 Kc8 42. Bxe7
Rhg8 43. Qxd6 Qxd6 44. Bxd6 Rf6 45. Bxe5 Re6 46. dxe6 1-0

[Event "AUTO-OPEN-201"]
[Site "http://www.queenalice.com/game.php?id=46381"]
[Date "2006.1.4"]
[Round "1"]
[White "rockaudrey"]
[Black "wdlauzon"]
[Result "1-0"]
[WhiteElo "1577"]
[BlackElo "1933"]

1. e4 c5 2. Nf3 d6 3. d4 cxd4 4. Nxd4 Nf6 5. f3 a6 6. Nc3 Qc7 7. Be3 e6 8. Qd2
Be7 9. O-O-O b5 10. Kb1 h6 11. h4 Bb7 12. h5 Nbd7 13. g4 Ne5 14. Bf4 Nc4 15.
Bxc4 Qxc4 16. g5 hxg5 17. Bxg5 Nxh5 18. Bxe7 Kxe7 19. Nf5+ exf5 20. Qxd6+ Ke8
21. Qd7+ Kf8 22. Qxb7 Qc8 23. Qd5 g6 24. Qd6+ Kg7 25. Nd5 Qb8 26. Qb4 Qe5 27.
exf5 Qxf5 28. Qd4+ Nf6 29. Rhg1 Qxf3 30. Rgf1 Qg2 31. Qxf6+ Kh7 32. Rh1+ Qxh1
33. Rxh1+ Kg8 34. Rxh8# 1-0

[Event "AUTO-OPEN-201"]
[Site "http://www.queenalice.com/game.php?id=46382"]
[Date "2006.1.4"]
[Round "1"]
[White "wdlauzon"]
[Black "Kasparrow"]
[Result "1-0"]
[WhiteElo "1902"]
[BlackElo "1493"]

1. e4 e5 2. Bc4 Nf6 3. d3 g6 4. Nc3 Bg7 5. f4 exf4 6. Bxf4 O-O 7. Qd2 Nc6 8. a3
Na5 9. Ba2 Ng4 10. O-O-O Bxc3 11. Qxc3 Nf2 12. Bh6 Nxd1 13. Qg7# 1-0

[Event "AUTO-OPEN-201"]
[Site "http://www.queenalice.com/game.php?id=46383"]
[Date "2006.1.4"]
[Round "1"]
[White "Kasparrow"]
[Black "wdlauzon"]
[Result "0-1"]
[WhiteElo "1468"]
[BlackElo "1906"]

1. e4 c5 2. Nf3 d6 3. d4 cxd4 4. Bc4 Qc7 5. Qxd4 e6 6. O-O a6 7. e5 Nc6 8. Qe4
d5 9. Bxd5 exd5 10. Qxd5 Nge7 11. Qe4 Bf5 12. Qc4 Be6 13. Qe2 Ng6 14. Ng5 Nd4
15. Qd2 Nxc2 0-1

[Event "Challenge"]
[Site "http://www.queenalice.com/game.php?id=58818"]
[Date "2006.3.22"]
[Round "-"]
[White "Gazzana"]
[Black "wdlauzon"]
[Result "0-1"]
[WhiteElo "1978"]
[BlackElo "1907"]

1. e4 c5 2. d4 cxd4 3. c3 dxc3 4. Nxc3 e6 5. f4 a6 6. Nf3 Bc5 7. Bc4 Nc6 8. a3
b5 9. Ba2 Nge7 10. Qe2 O-O 11. Be3 Qb6 12. Bxc5 Qxc5 13. Qd3 Rd8 14. b4 Qa7 15.
f5 exf5 16. exf5 d6 17. g4 Bb7 18. Ne4 Ne5 19. Nxe5 dxe5 20. Qf3 Qd4 0-1

[Event "AUTO-OPEN-201"]
[Site "http://www.queenalice.com/game.php?id=91487"]
[Date "2006.8.1"]
[Round "2"]
[White "Francisco"]
[Black "wdlauzon"]
[Result "0-1"]
[WhiteElo "2097"]
[BlackElo "1949"]

1. d4 Nf6 2. c4 g6 3. Nc3 Bg7 4. e4 d6 5. f4 c5 6. d5 Nbd7 7. Nf3 O-O 8. Be2 a6
9. e5 dxe5 10. fxe5 Ng4 11. e6 fxe6 12. dxe6 Bxc3+ 13. bxc3 Nde5 14. Bg5 Qc7 15.
h3 Nxf3+ 16. Bxf3 Qg3+ 17. Kd2 Nf2 0-1

[Event "AUTO-OPEN-201"]
[Site "http://www.queenalice.com/game.php?id=91488"]
[Date "2006.8.1"]
[Round "2"]
[White "wdlauzon"]
[Black "Francisco"]
[Result "1/2-1/2"]
[WhiteElo "1962"]
[BlackElo "2130"]

1. e4 c6 2. d4 d5 3. Nc3 dxe4 4. Nxe4 Bf5 5. Ng3 Bg6 6. h4 h6 7. Nf3 Nd7 8. Bd3
Bxd3 9. Qxd3 Ngf6 10. Bd2 e6 11. O-O-O Qb6 12. Ne5 Nxe5 13. dxe5 Nd7 14. Qxd7+
Kxd7 15. Ba5+ Kc7 16. Bxb6+ axb6 17. Kb1 Be7 18. Ne4 Rhd8 19. h5 Ra4 20. Rxd8
Kxd8 21. f3 Ra5 22. f4 Ra4 23. Re1 Rd4 24. Kc1 Kc7 25. Re3 b5 26. c3 Rd8 27. Kc2
c5 28. Rd3 Rxd3 29. Kxd3 Kc6 30. b3 b6 31. g3 Kd5 32. Nd2 f6 33. c4+ bxc4+ 34.
bxc4+ Kc6 35. exf6 gxf6 36. a4 f5 37. Ke3 Bf6 38. Kf3 Bd4 39. g4 fxg4+ 40. Kxg4
Kd6 41. Ne4+ Kc6 42. Kf3 Bg7 1/2-1/2

[Event "AUTO-OPEN-201"]
[Site "http://www.queenalice.com/game.php?id=91493"]
[Date "2006.8.1"]
[Round "2"]
[White "wdlauzon"]
[Black "jagvg"]
[Result "1-0"]
[WhiteElo "1937"]
[BlackElo "1840"]

1. e4 c6 2. d4 d5 3. Nc3 dxe4 4. Nxe4 Bf5 5. Ng3 Bg6 6. h4 h6 7. Nf3 Nd7 8. Bd3
Bxd3 9. Qxd3 Ngf6 10. Bd2 e6 11. O-O-O Bd6 12. c4 O-O 13. Ng5 Bxg3 14. Qxg3 hxg5
15. hxg5 Ne4 16. Qh3 f5 17. g6 1-0

[Event "AUTO-OPEN-201"]
[Site "http://www.queenalice.com/game.php?id=91494"]
[Date "2006.8.1"]
[Round "2"]
[White "jagvg"]
[Black "wdlauzon"]
[Result "1-0"]
[WhiteElo "1825"]
[BlackElo "1971"]

1. e4 c5 2. c3 d5 3. exd5 Qxd5 4. d4 cxd4 5. cxd4 Nc6 6. Nf3 e6 7. Nc3 Bb4 8.
Bd2 Bxc3 9. Bxc3 Nf6 10. Bd3 b5 11. O-O O-O 12. Qe2 b4 13. Bc4 Qd6 14. Bd2 a5
15. Qd3 Rd8 16. Be3 Bb7 17. Rac1 Ne7 18. Bg5 Nfd5 19. Ne5 f6 20. Bxd5 Qxd5 21.
Qg3 Nf5 22. Qg4 fxg5 23. Rc7 Qxg2+ 24. Qxg2 Bxg2 25. Kxg2 Rxd4 26. Re1 h6 27.
Kg1 Rad8 28. h3 Rd1 29. Kf1 Rxe1+ 30. Kxe1 1-0

[Event "Challenge"]
[Site "http://www.queenalice.com/game.php?id=118540"]
[Date "2006.10.18"]
[Round "-"]
[White "marcosweck"]
[Black "wdlauzon"]
[Result "0-1"]
[WhiteElo "1774"]
[BlackElo "1949"]

1. e4 e6 2. Nf3 d5 3. exd5 exd5 4. Qe2+ Be7 5. d4 Nf6 6. g3 O-O 7. Bg2 b6 8. c3
c6 9. O-O Ba6 10. Qd2 Bxf1 11. Bxf1 Ne4 12. Qd3 Nd7 13. Nbd2 Ndf6 14. Ne5 Qc8
15. Bg2 Nxd2 16. Bxd2 Nd7 17. f4 Nxe5 18. fxe5 f6 19. Re1 fxe5 20. Rxe5 Bf6 21.
Rh5 g6 22. Rh3 Qe6 23. Qe3 Qxe3+ 24. Bxe3 Rae8 25. g4 Bg5 26. Bf2 Re2 27. b4
Rfxf2 28. Bf3 Rxa2 29. c4 Rfc2 0-1

[Event "Challenge"]
[Site "http://www.queenalice.com/game.php?id=134547"]
[Date "2006.11.28"]
[Round "-"]
[White "wdlauzon"]
[Black "Newcobos"]
[Result "0-1"]
[WhiteElo "1962"]
[BlackElo "1969"]

1. e4 e5 2. Bc4 Nc6 3. Nf3 Bc5 4. d3 h6 5. a3 d6 6. O-O Bg4 7. Be3 Nd4 8. Nbd2
Nf6 9. c3 Nxf3+ 10. Nxf3 Bxe3 11. fxe3 O-O 12. Qd2 Nh7 13. Rf2 Ng5 14. Nxg5 Qxg5
15. Raf1 Be6 0-1

[Event "Challenge"]
[Site "http://www.queenalice.com/game.php?id=135175"]
[Date "2006.11.30"]
[Round "-"]
[White "wdlauzon"]
[Black "clauberfm"]
[Result "0-1"]
[WhiteElo "1971"]
[BlackElo "2153"]

1. e4 Nc6 2. Bc4 Nf6 3. d3 e6 4. Nc3 d5 5. exd5 exd5 6. Bb3 Bb4 7. Bd2 O-O 8. a3
Bc5 9. h3 Nd4 10. Ba2 Re8+ 11. Nge2 Nxe2 12. Nxe2 Qe7 13. b4 Bb6 14. Bg5 c6 15.
Bxf6 Qxf6 16. O-O Bd7 17. d4 Re6 18. c3 Rae8 19. Ng3 a6 20. Qd2 R6e7 21. Rae1
Be6 22. Bb1 Bc7 23. Bd3 Bf4 24. Qd1 g6 0-1

[Event "Challenge"]
[Site "http://www.queenalice.com/game.php?id=151858"]
[Date "2007.1.9"]
[Round "-"]
[White "wdlauzon"]
[Black "CampbellMarcel"]
[Result "1-0"]
[WhiteElo "1969"]
[BlackElo "400"]

1. e4 e5 2. Bc4 c6 3. d3 b5 4. Bb3 a5 5. a3 a4 6. Ba2 Nf6 7. Nf3 d6 8. Ng5 d5 9.
exd5 Nxd5 10. O-O f6 11. Ne4 1-0

[Event "AUTO-OPEN-201"]
[Site "http://www.queenalice.com/game.php?id=162371"]
[Date "2007.2.1"]
[Round "3"]
[White "Francisco"]
[Black "wdlauzon"]
[Result "1-0"]
[WhiteElo "2098"]
[BlackElo "1897"]

1. e4 e6 2. d4 d5 3. exd5 exd5 4. Nf3 Bd6 5. Bd3 Nf6 6. O-O O-O 7. Bg5 c6 8. Re1
Nbd7 9. Ne5 Qb6 10. Nxd7 Nxd7 11. Bc1 Nf6 12. c3 1-0

[Event "AUTO-OPEN-201"]
[Site "http://www.queenalice.com/game.php?id=162372"]
[Date "2007.2.1"]
[Round "3"]
[White "wdlauzon"]
[Black "Francisco"]
[Result "0-1"]
[WhiteElo "1906"]
[BlackElo "2089"]

1. e4 c6 2. d4 d5 3. Nc3 dxe4 4. Nxe4 Bf5 5. Ng3 Bg6 6. h4 h6 7. Nf3 Nd7 8. Bd3
Bxd3 9. Qxd3 e6 10. Bd2 Ngf6 11. c4 Qc7 12. O-O-O Bd6 0-1

[Event "Challenge"]
[Site "http://www.queenalice.com/game.php?id=185438"]
[Date "2007.3.21"]
[Round "-"]
[White "wdlauzon"]
[Black "ebelote"]
[Result "0-1"]
[WhiteElo "1889"]
[BlackElo "1639"]

1. e4 d5 2. exd5 Qxd5 3. Nc3 Qa5 4. d4 e6 5. Nf3 Bb4 6. Bd2 Bxc3 7. Bxc3 Qd5 8.
g3 Nf6 9. Bg2 Ne4 10. Bb4 Nc6 11. Ba3 Nd6 12. b3 O-O 13. O-O b6 0-1